| 000 | 01658cam a2200361 a 4500 | ||
|---|---|---|---|
| 999 |
_c128144 _d128144 |
||
| 001 | 12818262 | ||
| 003 | ARRUPE | ||
| 005 | 20180912123523.0 | ||
| 008 | 020614s2002 enk b 001 0 eng | ||
| 010 | _a 2002283629 | ||
| 015 | _aGBA0-Z3374 | ||
| 020 | _a0198298242 (acidfree paper) | ||
| 035 | _a(OCoLC)ocm43458150 | ||
| 040 |
_aUKM _cUKM _dDLC |
||
| 042 | _alccopycat | ||
| 050 | 0 | 0 |
_aK230 _b.O95 2002 |
| 082 | 0 | 0 |
_a340/.1 _221 |
| 100 |
_aColeman, Jules (ed.) _942124 |
||
| 245 | 0 | 4 |
_aThe Oxford handbook of jurisprudence and philosophy of law / _cedited by Jules Coleman and Scott Shapiro ; associate editor, Kenneth Einar Himma. |
| 246 | 3 | 0 | _aJurisprudence and philosophy of law |
| 260 |
_aOxford ; _aNew York : _bOxford University Press, _c2002. |
||
| 300 |
_ax, 1050 p. ; _c26 cm. |
||
| 504 | _aIncludes bibliographical references and index. | ||
| 650 | 0 |
_aLaw _xPhilosophy. _910576 |
|
| 650 | 0 |
_aJurisprudence. _942125 |
|
| 650 | 0 |
_aNatural law. _93966 |
|
| 700 | 1 |
_aShapiro, Scott. _eed. _942126 |
|
| 906 |
_a7 _bcbc _ccopycat _d2 _encip _f20 _gy-gencatlg |
||
| 942 |
_2lcc _cMONOGRAPH |
||